Instructions for the international telephone service / (Record no. 183719)
[ view plain ]
| 000 -LEADER | |
|---|---|
| fixed length control field | 00776 a2200181 4500 |
| 003 - CONTROL NUMBER IDENTIFIER | |
| control field | Nust |
| 005 - DATE AND TIME OF LATEST TRANSACTION | |
| control field | 20221223101842.0 |
| 040 ## - CATALOGING SOURCE | |
| Transcribing agency | Nust |
| 082 ## - DEWEY DECIMAL CLASSIFICATION NUMBER | |
| Classification number | 621.385,INS |
| 100 ## - MAIN ENTRY--PERSONAL NAME | |
| Personal name | The international telecommunication union |
| 9 (RLIN) | 105738 |
| 245 ## - TITLE STATEMENT | |
| Title | Instructions for the international telephone service / |
| 260 ## - PUBLICATION, DISTRIBUTION, ETC. | |
| Place of publication, distribution, etc. | The international telecommunication union |
| Name of publisher, distributor, etc. | Geneva |
| Date of publication, distribution, etc. | 1965 |
| 300 ## - PHYSICAL DESCRIPTION | |
| Extent | 119 p |
| Other physical details | illus |
| Dimensions | 24 cm |
| 505 ## - FORMATTED CONTENTS NOTE | |
| Formatted contents note | Application of the Instructions (Page-5), General (Page-7), Advance Preparation Operating (Page-54), Semi-Preparation Operating (Page-73), Demand Working (Page-75),Automatic Operating (Page-100). |
| 600 ## - SUBJECT ADDED ENTRY--PERSONAL NAME | |
| Personal name | The international telecommunication union |
| 9 (RLIN) | 105738 |
| 650 ## - SUBJECT ADDED ENTRY--TOPICAL TERM | |
| Topical term or geographic name entry element | Instructions for the international telephone service |
| 9 (RLIN) | 105739 |
| 942 ## - ADDED ENTRY ELEMENTS (KOHA) | |
| Source of classification or shelving scheme | |
| Koha item type | Book |
| Withdrawn status | Lost status | Source of classification or shelving scheme | Damaged status | Not for loan | Permanent Location | Current Location | Shelving location | Date acquired | Full call number | Barcode | Date last seen | Price effective from | Koha item type | Public note |
|---|---|---|---|---|---|---|---|---|---|---|---|---|---|---|
| Military College of Signals (MCS) | Military College of Signals (MCS) | General Stacks | 12/12/2016 | 621.385,INS | MCS952 | 12/08/2016 | 12/12/2016 | Book | Almirah No.39, Shelf No.3 |
